Statistiken für Kosovo-Quiz

Klicken Sie hier um das Quiz zu spielen!

Allgemein

  • Dieses Quiz wurde 2.330 mal gespielt
  • Das Durchschnittsergebnis liegt bei 9 aus 15

Antwortstatistiken

FrageAntwort% Korrekt
Land, das Kosovo beanspruchtSerbien
93%
Hauptstadt von KosovoPristina
92%
Religion, welcher 96% der Bevölkerung angehörenIslam
91%
Jahr, in dem sich Kosovo als unabhängig vom obigen Land erklärte2008
82%
Reich, zu dem Kosovo 1455–1912 gehörteOsmanisches Reich
79%
Meistgesprochene SpracheAlbanisch
77%
Währung von KosovoEuro
73%
Kosovo ist das dritt____ Land Europas hinter Moldawien und der UkraineÄrmste
69%
Kosovo ist eines der drei offiziellen "JetPunk"-Länder, die nicht Mitglied dieser internationalen Organisation sindVereinte Nationen
66%
Englische Popsängerin von "New Rules", deren Eltern aus Kosovo auswandertenDua Lipa
49%
Kosovo hat weltweit die fünftgrößten Reserven an diesem BrennstoffBraunkohle
46%
Region, die sich einst von Kosovo losreißen wollte{Nord}kosovo
45%
Zweitgrößte StadtPrizren
35%
Sultan des obigen Reiches, der die Große Moschee der Hauptstadt bauen ließMehmed II.
16%
Königreich, dessen Territorium das heutige Kosovo umfasste, bevor es 28 v. Chr. von Rom erobert wurdeDardanien
12%

Verteilung der Resultate

Perzentil nach korrekt beantworteten Fragen

Anzahl Personen mit jedem Resultat

Ihre Resultats-Entwicklung

Sie haben dieses Quiz noch nicht gespielt